[Event "22nd European Teams"]
[Site "Batumi GEO"]
[Date "2019.11.01"]
[Round "8.8"]
[Board "3"]
[White "Halkias, Stelios"]
[Black "Can, Emre"]
[Result "1-0"]
[WhiteTitle "GM"]
[BlackTitle "GM"]
[WhiteElo "2530"]
[BlackElo "2599"]
[WhiteTeam "Greece"]
[BlackTeam "Turkey"]
[WhiteFideId "4201809"]
[BlackFideId "6302181"]
[EventDate "2019.10.24"]

1. Nf3 c5 2. c4 Nc6 3. Nc3 g6 4. e3 Nf6 5. d4 cxd4 6. exd4 d5 7. cxd5 Nxd5 8.
Qb3 e6 9. Bb5 Bg7 10. O-O O-O 11. Bxc6 bxc6 12. Na4 Qd6 13. Re1 Rb8 14. Qd1 Ne7
15. Bd2 Nf5 16. Bc3 Rd8 17. Nc5 Nxd4 18. Ne4 Qf8 19. Bxd4 Bxd4 20. Nxd4 c5 21.
Nf6+ Kg7 22. Qe2 Rxd4 23. Qe5 Rxb2 24. Rad1 Qd8 25. Ne8+ Kh6 26. Qg7+ Kg5 27.
f4+ Kf5 28. Qe5+ Kg4 29. Nf6+ 1-0

[Event "22nd European Teams"]
[Site "Batumi GEO"]
[Date "2019.11.01"]
[Round "8.8"]
[Board "4"]
[White "Dastan, Muhammed Batuhan"]
[Black "Mastrovasilis, Athanasios"]
[Result "1/2-1/2"]
[WhiteTitle "GM"]
[BlackTitle "GM"]
[WhiteElo "2577"]
[BlackElo "2521"]
[WhiteTeam "Turkey"]
[BlackTeam "Greece"]
[WhiteFideId "6300014"]
[BlackFideId "4201990"]
[EventDate "2019.10.24"]

1. e4 e5 2. Nf3 Nc6 3. Bc4 Bc5 4. c3 Nf6 5. d4 exd4 6. e5 d5 7. Bb5 Ne4 8. cxd4
Bb6 9. Nc3 O-O 10. Be3 Bg4 11. h3 Bh5 12. Qc2 Bg6 13. Qb3 Ne7 14. O-O c6 15. Bd3
Nf5 16. Qc2 Nxe3 17. fxe3 Ng3 18. Bxg6 hxg6 19. Rf2 Ba5 20. Kh2 Bxc3 21. Kxg3
Ba5 22. h4 Bc7 23. Raf1 f6 24. Qxg6 Qe8 25. Qxe8 Raxe8 26. Nd2 fxe5 27. Rxf8+
Rxf8 28. Rxf8+ Kxf8 29. Kg4 exd4 30. exd4 Kf7 31. Kf3 Bd8 32. Kg4 Kf6 33. Kf4
Bc7+ 34. Kf3 g6 35. g4 Bh2 36. Ke2 Bg3 37. Nf3 Ke6 38. Kd3 Kf6 39. a4 a5 40. b3
Ke6 41. Ng5+ Kf6 42. Nf3 Ke6 43. Kc3 Bd6 44. Ng5+ Kf6 45. Nf3 Ke6 46. Kc2 Kf6
47. Kd2 Bg3 48. Ke3 Ke6 49. Kd3 Kf6 50. Ke2 Ke6 51. Kf1 Kf6 52. Kg2 Bf4 53. Kf2
Bd6 54. Ne1 b6 55. Ke3 Bg3 56. Nf3 Ke6 57. Ke2 Kf6 58. Kd3 Ke6 59. Kc3 Bd6 60.
Kc2 Bg3 61. Kd2 Kf6 62. Ke2 Ke6 63. Kf1 Kf6 64. Kg2 Bf4 65. Kf2 Ke6 66. Ne1 Kf6
67. Ng2 Bh2 68. Ne1 Bf4 69. Ng2 Bh2 70. Ne1 1/2-1/2

[Event "22nd European Teams"]
[Site "Batumi GEO"]
[Date "2019.11.01"]
[Round "8.9"]
[Board "1"]
[White "Nyback, Tomi"]
[Black "Anton Guijarro, David"]
[Result "1-0"]
[WhiteTitle "GM"]
[BlackTitle "GM"]
[WhiteElo "2565"]
[BlackElo "2674"]
[WhiteTeam "Finland"]
[BlackTeam "Spain"]
[WhiteFideId "503142"]
[BlackFideId "2285525"]
[EventDate "2019.10.24"]

1. d4 f5 2. Bf4 Nf6 3. e3 d6 4. Nc3 e6 5. Bd3 Be7 6. h3 Nc6 7. Nf3 O-O 8. g4 Nb4
9. Bc4 Nbd5 10. Bxd5 Nxd5 11. Nxd5 exd5 12. g5 Qe8 13. Qd3 a5 14. Ng1 b5 15. Ne2
b4 16. h4 Ba6 17. Qd2 Qb5 18. Bg3 a4 19. f3 Qxe2+ 20. Qxe2 Bxe2 21. Kxe2 Kf7 22.
a3 Rab8 23. axb4 Rxb4 24. Ra2 Rfb8 25. Rb1 h6 26. gxh6 gxh6 27. Be1 Rc4 28. Kd3
Rg8 29. e4 fxe4+ 30. fxe4 c5 31. Bf2 cxd4 32. exd5 Rb4 33. Rf1 Bf6 34. h5 Ke7
35. Re1+ Be5 36. Re4 Kf6 37. c3 Rb5 38. Bxd4 Kf5 39. Rxa4 Rg3+ 40. Re3 Rxe3+ 41.
Kxe3 Rxd5 42. b4 Rb5 43. Ra5 Rb8 44. Bxe5 dxe5 45. b5 Ke6 46. c4 Rc8 47. Ra6+
Kd7 48. Kd3 e4+ 49. Kd4 e3 50. Ra7+ Ke6 51. Ra3 1-0

[Event "22nd European Teams"]
[Site "Batumi GEO"]
[Date "2019.11.01"]
[Round "8.9"]
[Board "2"]
[White "Vallejo Pons, Francisco"]
[Black "Keinanen, Toivo"]
[Result "1-0"]
[WhiteTitle "GM"]
[BlackTitle "FM"]
[WhiteElo "2694"]
[BlackElo "2428"]
[WhiteTeam "Spain"]
[BlackTeam "Finland"]
[WhiteFideId "2205530"]
[BlackFideId "509825"]
[EventDate "2019.10.24"]

1. e4 e6 2. d4 d5 3. Nc3 Nf6 4. e5 Nfd7 5. f4 c5 6. Nf3 Nc6 7. Be3 Be7 8. Qd2
O-O 9. dxc5 Qa5 10. O-O-O b6 11. Bb5 Nb4 12. Kb1 bxc5 13. a3 Rb8 14. axb4 cxb4
15. Nxd5 exd5 16. Bxd7 Bxd7 17. Qxd5 Qxd5 18. Rxd5 Bc6 19. Ra5 Rfc8 20. Rc1 b3
21. cxb3 Be4+ 22. Ka2 Rxc1 23. Bxc1 Bb4 24. Rxa7 Bc5 25. Ra4 Bc2 26. Nd4 Bxd4
27. Rxd4 Ra8+ 28. Ra4 Rxa4+ 29. bxa4 Bxa4 30. f5 Bc6 31. g4 f6 32. exf6 gxf6 33.
b4 Bf3 34. g5 Kf7 35. b5 Be4 36. b6 fxg5 37. Bxg5 Ke8 38. Be3 Kd7 39. f6 Kc6 40.
Kb2 Bg6 41. Kc3 1-0

[Event "22nd European Teams"]
[Site "Batumi GEO"]
[Date "2019.11.01"]
[Round "8.9"]
[Board "4"]
[White "Perez Candelario, Manuel"]
[Black "Nyysti, Sampsa"]
[Result "1-0"]
[WhiteTitle "GM"]
[BlackTitle "IM"]
[WhiteElo "2621"]
[BlackElo "2335"]
[WhiteTeam "Spain"]
[BlackTeam "Finland"]
[WhiteFideId "2210622"]
[BlackFideId "502138"]
[EventDate "2019.10.24"]

1. e4 e5 2. Nf3 Nc6 3. Bb5 a6 4. Ba4 Nf6 5. O-O Be7 6. Re1 b5 7. Bb3 d6 8. c3
O-O 9. h3 Na5 10. Bc2 c5 11. d4 Nd7 12. a4 Bb7 13. d5 Kh8 14. b4 Nc4 15. Nbd2
cxb4 16. Nxc4 bxc4 17. cxb4 f5 18. exf5 Nf6 19. Ng5 Bxd5 20. g4 Qd7 21. Ra3 Rab8
22. Rg3 Rxb4 23. Ne6 Bxe6 24. fxe6 Qxe6 25. g5 Nd5 26. Rg4 Qf7 27. Qe2 c3 28.
Be4 a5 29. f3 Bd8 30. Qc2 Bb6+ 31. Kh1 g6 32. h4 Bd4 33. h5 Ne7 34. Rh4 Kg8 35.
hxg6 hxg6 36. Re2 d5 37. Reh2 Qg7 38. Qa2 Rd8 39. R2h3 Rd7 40. Rh6 Rd8 41. Qh2
dxe4 42. Rh8+ Kf7 43. Rxd8 Rb2 44. Bxb2 cxb2 45. Qc2 1-0

[Event "22nd European Teams"]
[Site "Batumi GEO"]
[Date "2019.11.01"]
[Round "8.10"]
[Board "1"]
[White "Giri, Anish"]
[Black "Ragger, Markus"]
[Result "1/2-1/2"]
[WhiteTitle "GM"]
[BlackTitle "GM"]
[WhiteElo "2780"]
[BlackElo "2684"]
[WhiteTeam "Netherlands"]
[BlackTeam "Austria"]
[WhiteFideId "24116068"]
[BlackFideId "1610856"]
[EventDate "2019.10.24"]

1. d4 Nf6 2. Nf3 g6 3. Nbd2 d5 4. b3 c5 5. dxc5 Na6 6. c6 bxc6 7. Bb2 Bg7 8. g3
Qb6 9. e3 Nc7 10. c4 O-O 11. Bg2 a5 12. O-O a4 13. cxd5 cxd5 14. Bd4 Qb5 15. Be5
Ne6 16. bxa4 Qxa4 17. Nb1 Qa5 18. Qd2 Ne4 19. Qxa5 Rxa5 20. Bxg7 Kxg7 21. Nfd2
N6c5 22. Nxe4 Nxe4 23. Rc1 Be6 24. Nc3 Nxc3 25. Rxc3 d4 26. exd4 Rxa2 27. Rxa2
Bxa2 28. Ra3 Bc4 29. Ra8 Rxa8 30. Bxa8 Kf6 1/2-1/2

[Event "22nd European Teams"]
[Site "Batumi GEO"]
[Date "2019.11.01"]
[Round "8.10"]
[Board "2"]
[White "Dragnev, Valentin"]
[Black "L'Ami, Erwin"]
[Result "0-1"]
[WhiteTitle "GM"]
[BlackTitle "GM"]
[WhiteElo "2550"]
[BlackElo "2619"]
[WhiteTeam "Austria"]
[BlackTeam "Netherlands"]
[WhiteFideId "1634852"]
[BlackFideId "1007998"]
[EventDate "2019.10.24"]

1. d4 Nf6 2. c4 e6 3. Nf3 b6 4. g3 Bb7 5. Bg2 Be7 6. O-O O-O 7. Nc3 Ne4 8. Bd2
Bf6 9. Re1 d6 10. Qc2 Nxd2 11. Ng5 Bxg5 12. Bxb7 Nd7 13. Bxa8 Qxa8 14. b3 Nf6
15. f4 Bxf4 16. gxf4 Nde4 17. Rad1 Nxc3 18. Qxc3 Ne4 19. Qf3 f5 20. d5 Qe8 21.
Kh1 e5 22. e3 Rf7 23. Rg1 Re7 24. Rg2 g6 25. Rdg1 Nf6 26. Qh3 Rg7 27. Qh4 Qe7
28. h3 Ne4 29. Qe1 Kf7 30. b4 Rg8 31. a4 Re8 32. a5 bxa5 33. bxa5 Rb8 34. h4 Rb3
35. h5 exf4 36. hxg6+ hxg6 37. exf4 Ng3+ 38. Rxg3 Qxe1 39. Rxe1 Rxg3 40. Rb1 Rc3
41. Rb7 Rxc4 42. Rxa7 Kf6 43. a6 Rxf4 44. Rxc7 Ra4 45. a7 g5 0-1

[Event "22nd European Teams"]
[Site "Batumi GEO"]
[Date "2019.11.01"]
[Round "8.10"]
[Board "3"]
[White "Van Foreest, Jorden"]
[Black "Blohberger, Felix"]
[Result "1-0"]
[WhiteTitle "GM"]
[BlackTitle "IM"]
[WhiteElo "2621"]
[BlackElo "2448"]
[WhiteTeam "Netherlands"]
[BlackTeam "Austria"]
[WhiteFideId "1039784"]
[BlackFideId "1632051"]
[EventDate "2019.10.24"]

1. d4 Nf6 2. c4 e6 3. Nf3 Bb4+ 4. Nbd2 O-O 5. a3 Be7 6. e4 d6 7. Be2 a5 8. Qc2
Nc6 9. O-O a4 10. Nb1 e5 11. dxe5 dxe5 12. Rd1 Nd4 13. Nxd4 exd4 14. Nc3 c5 15.
Nd5 Nxd5 16. exd5 Bd6 17. Bd3 Qh4 18. g3 Qh5 19. Re1 g6 20. Bd2 Bh3 21. Rab1 Kg7
22. Re2 Rfe8 23. Rbe1 Qf3 24. Be4 Qf6 25. Bg2 Rxe2 26. Rxe2 Bd7 27. h4 Qf5 28.
Qc1 Re8 29. Bh6+ Kg8 30. Rxe8+ Bxe8 31. Qe1 Qe5 32. Qa5 Qe7 33. Bh3 Qc7 34. Qe1
Qe7 35. Qxe7 Bxe7 36. Bc8 b6 37. Bf4 Bd8 38. Bb8 Kf8 39. Kf1 f5 40. Ke2 Kf7 41.
Kd2 Kf8 42. Kd3 Kf7 43. Bf4 h5 44. Be6+ Kg7 45. Be5+ Kf8 46. Bd6+ Kg7 47. Bf4 b5
48. Bd6 Bb6 49. Be7 Ba7 50. d6 bxc4+ 51. Kc2 Bb6 52. Bc8 Bf7 53. d7 Be6 54. Bg5
Kf7 55. Kd1 Bc7 56. Ke2 Ba5 57. d8=Q Bxd8 58. Bxe6+ Kxe6 59. Bxd8 Kd7 60. Bg5
Ke6 61. Bh6 Kd5 62. Bf8 Kc6 63. Kf3 Kd5 64. Bg7 Ke6 65. Bh6 Ke5 66. Bd2 Ke6 67.
Kf4 Kd5 68. f3 Ke6 69. Kg5 Kf7 70. Ba5 Kg7 71. Bb6 1-0

[Event "22nd European Teams"]
[Site "Batumi GEO"]
[Date "2019.11.01"]
[Round "8.10"]
[Board "4"]
[White "Schreiner, Peter"]
[Black "Van Foreest, Lucas"]
[Result "1/2-1/2"]
[WhiteTitle "IM"]
[BlackTitle "GM"]
[WhiteElo "2464"]
[BlackElo "2531"]
[WhiteTeam "Austria"]
[BlackTeam "Netherlands"]
[WhiteFideId "1621645"]
[BlackFideId "1039792"]
[EventDate "2019.10.24"]

1. d4 Nf6 2. c4 e6 3. Nf3 d5 4. g3 Be7 5. Bg2 O-O 6. O-O dxc4 7. Qc2 a6 8. a4 h6
9. Nbd2 Nc6 10. e3 Nb4 11. Qb1 c5 12. Nxc4 Rb8 13. Bd2 b5 14. Bxb4 bxc4 15. Bxc5
Bxc5 16. dxc5 Bb7 17. Qc2 Be4 18. Qc3 Qd5 19. Rfd1 Qxc5 20. Qe5 Qb6 21. Nd2 Bxg2
22. Kxg2 Rfd8 23. Nf3 Qc6 24. Rd4 Kh7 25. Rc1 Rxd4 26. Qxd4 Rc8 27. Qd1 Kg8 28.
Kg1 Qb7 29. Qe2 Qb4 30. Ne5 Qxa4 31. Rxc4 Rxc4 32. Nxc4 Ne4 33. h4 Qb5 34. Qc2
Qf5 35. Qe2 Qd5 36. b3 Nc5 37. Nd2 a5 38. Qb5 Qxd2 39. Qxc5 Qd1+ 40. Kg2 Qxb3
41. Qxa5 Qb7+ 1/2-1/2

[Event "22nd European Teams"]
[Site "Batumi GEO"]
[Date "2019.11.01"]
[Round "8.11"]
[Board "1"]
[White "Rodshtein, Maxim"]
[Black "Jobava, Baadur"]
[Result "0-1"]
[WhiteTitle "GM"]
[BlackTitle "GM"]
[WhiteElo "2684"]
[BlackElo "2617"]
[WhiteTeam "Israel"]
[BlackTeam "Georgia"]
[WhiteFideId "2806851"]
[BlackFideId "13601520"]
[EventDate "2019.10.24"]

1. d4 Nf6 2. c4 e6 3. Nf3 b6 4. g3 Bb7 5. Bg2 Bb4+ 6. Bd2 Bxd2+ 7. Qxd2 d6 8.
Nc3 a5 9. d5 e5 10. O-O O-O 11. b3 Na6 12. Ne1 Nc5 13. Nc2 h6 14. e4 Re8 15.
Rab1 Bc8 16. a3 a4 17. b4 Nb3 18. Qd3 Bd7 19. Rfd1 Qb8 20. f3 Qd8 21. Ne3 Kh8
22. Rf1 Kg8 23. Rf2 Nd4 24. Ne2 Nb3 25. Nc3 Nd4 26. Nc2 Nb3 27. Ne2 h5 28. h4
Nh7 29. Rbf1 Nf8 30. Kh2 Ng6 31. Bh3 Rf8 32. Ne3 Bxh3 33. Kxh3 Qd7+ 34. Nf5 Kh7
35. Kh2 Rh8 36. Ne3 Kg8 37. Kg2 Re8 38. Nc3 Ne7 39. Nb5 Rh6 40. Kh2 Rf8 41. f4
exf4 42. gxf4 Re8 43. Qc3 Ng6 44. Nf5 Rh7 45. Qh3 Nf8 46. Ng3 Qd8 47. Na7 Nd4
48. Rd1 Qa8 49. Rxd4 Qxa7 50. Nf5 g6 51. Rg2 b5 52. cxb5 Nd7 53. Qc3 Nf6 54. Ng3
Ng4+ 55. Kg1 f5 56. Re2 Rhe7 57. Kg2 fxe4 58. Qc4 e3 59. f5 Rg7 60. Rxg4 hxg4
61. h5 gxf5 62. Nxf5 Rh7 63. Qxg4+ Kh8 64. Kh3 Qb7 65. Qg6 Rf8 66. Nxe3 Qxb5 67.
Rg2 Qe8 0-1

[Event "22nd European Teams"]
[Site "Batumi GEO"]
[Date "2019.11.01"]
[Round "8.11"]
[Board "2"]
[White "Cheparinov, Ivan"]
[Black "Postny, Evgeny"]
[Result "1-0"]
[WhiteTitle "GM"]
[BlackTitle "GM"]
[WhiteElo "2670"]
[BlackElo "2597"]
[WhiteTeam "Georgia"]
[BlackTeam "Israel"]
[WhiteFideId "2905540"]
[BlackFideId "2804344"]
[EventDate "2019.10.24"]

1. d4 Nf6 2. c4 e6 3. Nf3 b6 4. g3 Bb4+ 5. Bd2 Bxd2+ 6. Qxd2 Ba6 7. b3 d5 8. Bg2
c6 9. Nc3 O-O 10. Ne5 Nfd7 11. Rd1 Qc7 12. cxd5 cxd5 13. Rc1 Qb7 14. O-O Nxe5
15. dxe5 Nc6 16. Nxd5 exd5 17. Bxd5 Rad8 18. Rfd1 Qb8 19. Rxc6 Qxe5 20. e4 Bb7
21. Rc4 Bxd5 22. exd5 Rd6 23. Rc6 Rfd8 24. Rxd6 Qxd6 25. Qc3 h6 26. h4 h5 27.
Kh2 g6 28. Rd2 a5 29. Qd4 Kh7 30. Kg2 Kg8 31. Rd3 Rd7 32. Kf3 Rd8 33. a4 Rd7 34.
Qf4 Qc5 35. Qe5 Re7 36. Qd4 Qd6 37. Re3 Rxe3+ 38. fxe3 f5 39. Qc4 Kf7 40. Qc6
Qb4 41. Qe6+ Kg7 42. d6 Qe1 43. Qe7+ Kh6 44. Kf4 Qf2+ 45. Ke5 Qxe3+ 46. Kf6 Qc3+
47. Kf7 Qxb3+ 48. Kf8 Qc3 49. d7 1-0

[Event "22nd European Teams"]
[Site "Batumi GEO"]
[Date "2019.11.01"]
[Round "8.11"]
[Board "3"]
[White "Smirin, Ilia"]
[Black "Pantsulaia, Levan"]
[Result "1-0"]
[WhiteTitle "GM"]
[BlackTitle "GM"]
[WhiteElo "2599"]
[BlackElo "2603"]
[WhiteTeam "Israel"]
[BlackTeam "Georgia"]
[WhiteFideId "2801990"]
[BlackFideId "13602071"]
[EventDate "2019.10.24"]

1. e4 c5 2. Nf3 e6 3. d4 cxd4 4. Nxd4 a6 5. g3 d5 6. Nb3 dxe4 7. Qxd8+ Kxd8 8.
N1d2 f5 9. f3 Nf6 10. fxe4 Nc6 11. c3 Bd6 12. Nc4 Nxe4 13. Be3 Bc7 14. Bg2 Nf6
15. O-O-O+ Ke7 16. Bc5+ Kf7 17. Bd6 Bxd6 18. Nxd6+ Kg6 19. Rhe1 e5 20. Bxc6 bxc6
21. Rxe5 Rd8 22. Nc5 a5 23. a4 Rb8 24. Ne6 Bxe6 25. Rxe6 c5 26. Rde1 Rb6 27. Nc4
Rxe6 28. Rxe6 Kg5 29. Ra6 Re8 30. Rxa5 Re1+ 31. Kc2 Re2+ 32. Kb3 Rxh2 33. Rxc5
h5 34. a5 Re2 35. Rc7 g6 36. a6 Re6 37. a7 Ra6 38. Kc2 f4 39. gxf4+ Kf5 40. Rc5+ 1-0

[Event "22nd European Teams"]
[Site "Batumi GEO"]
[Date "2019.11.01"]
[Round "8.11"]
[Board "4"]
[White "Paichadze, Luka"]
[Black "Nabaty, Tamir"]
[Result "0-1"]
[WhiteTitle "GM"]
[BlackTitle "GM"]
[WhiteElo "2574"]
[BlackElo "2658"]
[WhiteTeam "Georgia"]
[BlackTeam "Israel"]
[WhiteFideId "13602934"]
[BlackFideId "2809052"]
[EventDate "2019.10.24"]

1. e4 e5 2. Nf3 Nc6 3. d4 exd4 4. Nxd4 Bc5 5. Nb3 Be7 6. Nc3 Nf6 7. g3 Bb4 8.
Bg2 Bxc3+ 9. bxc3 O-O 10. O-O d6 11. Re1 Re8 12. Nd4 Bd7 13. h3 Ne5 14. g4 Bc6
15. g5 Nfd7 16. f4 Nc4 17. h4 Ndb6 18. h5 Bd7 19. h6 c5 20. Nf3 Bc6 21. Qd3 gxh6
22. gxh6 f5 23. e5 Bxf3 24. Qxf3 Qh4 25. Be3 Qxh6 26. Bf2 Nd2 27. Qxb7 Ne4 28.
Rxe4 fxe4 29. Qxe4 Kh8 30. Re1 dxe5 31. fxe5 Qe6 32. Bxc5 Rg8 33. Re2 Nd5 34.
Bd4 Rg4 35. Qf3 Rag8 36. Rf2 Nf4 37. Kf1 Nxg2 38. Qf6+ Qxf6 39. exf6 Rxd4 40.
cxd4 Ne3+ 41. Ke2 Nxc2 42. Kd3 Rc8 43. Ke4 Nb4 44. a3 Na6 45. Ke5 Kg8 46. Rg2+
Kf8 47. Rh2 Rc7 48. d5 Rb7 49. d6 Nb8 50. Kd5 Rb5+ 51. Kc4 Rb7 52. Kd5 h5 53.
Rc2 Kf7 54. Rc7+ Rxc7 55. dxc7 Nd7 56. Kc6 Nb6 57. Kb7 Kxf6 58. a4 Ke7 59. a5
Nc4 60. Kxa7 Kd7 61. Kb8 Nd6 62. a6 Nc8 63. Kb7 h4 0-1

[Event "22nd European Teams"]
[Site "Batumi GEO"]
[Date "2019.11.01"]
[Round "8.12"]
[Board "1"]
[White "Georgiev, Kiril"]
[Black "Grandelius, Nils"]
[Result "1/2-1/2"]
[WhiteTitle "GM"]
[BlackTitle "GM"]
[WhiteElo "2577"]
[BlackElo "2691"]
[WhiteTeam "Republic of North Macedonia"]
[BlackTeam "Sweden"]
[WhiteFideId "2900017"]
[BlackFideId "1710400"]
[EventDate "2019.10.24"]

1. Nf3 c5 2. e4 d6 3. Bb5+ Bd7 4. Bxd7+ Qxd7 5. c4 Nf6 6. Nc3 g6 7. d4 cxd4 8.
Nxd4 Bg7 9. f3 O-O 10. Be3 Nc6 11. O-O a6 12. a4 e6 13. Rc1 Ne5 14. b3 d5 15.
cxd5 exd5 16. exd5 Rad8 17. Nde2 Nxd5 18. Qxd5 Qxd5 19. Nxd5 Rxd5 20. Nf4 Rd7
21. Rfd1 Rxd1+ 22. Rxd1 Re8 23. Kf2 f5 24. Nd3 Rd8 25. Ke2 Nxd3 26. Rxd3 Rxd3
27. Kxd3 b5 28. Bd4 Bf8 29. axb5 axb5 30. Be5 Kf7 1/2-1/2

[Event "22nd European Teams"]
[Site "Batumi GEO"]
[Date "2019.11.01"]
[Round "8.12"]
[Board "2"]
[White "Hillarp Persson, Tiger"]
[Black "Nedev, Trajko"]
[Result "1-0"]
[WhiteTitle "GM"]
[BlackTitle "GM"]
[WhiteElo "2550"]
[BlackElo "2500"]
[WhiteTeam "Sweden"]
[BlackTeam "Republic of North Macedonia"]
[WhiteFideId "1700812"]
[BlackFideId "15000605"]
[EventDate "2019.10.24"]

1. d4 Nf6 2. c4 g6 3. Nc3 Bg7 4. e4 d6 5. f3 O-O 6. Be3 c5 7. Nge2 Nc6 8. d5 Ne5
9. Ng3 e6 10. Be2 exd5 11. cxd5 a6 12. a4 Bd7 13. O-O b5 14. h3 Re8 15. f4 Nc4
16. Bxc4 bxc4 17. Qd2 h5 18. e5 Nh7 19. Qf2 f5 20. e6 Bc8 21. Rad1 Rb8 22. Bc1
Rb3 23. Rfe1 Bb7 24. Nf1 Ba8 25. Kh2 Bxc3 26. bxc3 Rxc3 27. Bb2 Rb3 28. Re3 Qb8
29. Ba1 Rb1 30. Rg3 Nf8 31. Qc2 Rxd1 32. Qxd1 Kh7 33. Rxg6 Qd8 1-0

[Event "22nd European Teams"]
[Site "Batumi GEO"]
[Date "2019.11.01"]
[Round "8.12"]
[Board "3"]
[White "Pancevski, Filip"]
[Black "Blomqvist, Erik"]
[Result "1-0"]
[WhiteTitle "IM"]
[BlackTitle "GM"]
[WhiteElo "2490"]
[BlackElo "2523"]
[WhiteTeam "Republic of North Macedonia"]
[BlackTeam "Sweden"]
[WhiteFideId "15002187"]
[BlackFideId "1709437"]
[EventDate "2019.10.24"]

1. c4 Nf6 2. g3 e6 3. Bg2 d5 4. Nf3 Be7 5. O-O O-O 6. b3 b6 7. Bb2 c5 8. cxd5
Nxd5 9. d4 Bb7 10. Nc3 Nxc3 11. Bxc3 cxd4 12. Qxd4 Qxd4 13. Nxd4 Bxg2 14. Kxg2
Rc8 15. Rac1 Nc6 16. Nxc6 Rxc6 17. Be5 Rac8 18. Rxc6 Rxc6 19. Rd1 Bf6 20. Rd7 a5
21. e3 h5 22. Rc7 Rc5 23. Rxc5 bxc5 24. Bd6 Bc3 25. Bxc5 e5 26. e4 g6 27. f3 f5
28. h3 Kf7 29. Kf1 Ke6 30. Ke2 Kd7 31. Kd3 Be1 32. g4 fxg4 33. fxg4 hxg4 34.
hxg4 Kc6 35. Kc4 Bd2 36. Ba3 1-0

[Event "22nd European Teams"]
[Site "Batumi GEO"]
[Date "2019.11.01"]
[Round "8.12"]
[Board "4"]
[White "Carlsson, Pontus"]
[Black "Nikolovski, Nikola"]
[Result "1-0"]
[WhiteTitle "GM"]
[BlackTitle "IM"]
[WhiteElo "2447"]
[BlackElo "2424"]
[WhiteTeam "Sweden"]
[BlackTeam "Republic of North Macedonia"]
[WhiteFideId "1705814"]
[BlackFideId "15002314"]
[EventDate "2019.10.24"]

1. e4 e6 2. d4 d5 3. Nd2 Nf6 4. e5 Nfd7 5. c3 c5 6. Bd3 Nc6 7. Ngf3 Be7 8. O-O
a5 9. a4 cxd4 10. cxd4 Nb4 11. Bb1 b6 12. Re1 Ba6 13. Nf1 Rc8 14. Ra3 b5 15. h4
h6 16. N3h2 Nc6 17. Rg3 g6 18. Rxg6 Ndxe5 19. Rxh6 Rxh6 20. Bxh6 Nc4 21. Qh5
Nxd4 22. Bg7 Bb4 23. Rd1 Nc6 24. axb5 Bxb5 25. Ng4 Be7 26. Nh6 Kd7 27. Qxf7 Nd6
28. Qg6 Bxh4 29. Re1 Qb6 30. Qxe6+ Kc7 31. Ne3 Bc4 32. Nhf5 Nxf5 33. Bxf5 Rd8
34. g3 Be7 35. Nxc4 dxc4 36. Qxc4 Bc5 37. Re2 Nd4 38. Re7+ Kb8 39. Be5+ Ka8 40.
Be4+ Nc6 41. Rc7 1-0

[Event "22nd European Teams"]
[Site "Batumi GEO"]
[Date "2019.11.01"]
[Round "8.13"]
[Board "1"]
[White "Erdos, Viktor"]
[Black "Tari, Aryan"]
[Result "1/2-1/2"]
[WhiteTitle "GM"]
[BlackTitle "GM"]
[WhiteElo "2604"]
[BlackElo "2630"]
[WhiteTeam "Hungary"]
[BlackTeam "Norway"]
[WhiteFideId "719978"]
[BlackFideId "1510045"]
[EventDate "2019.10.24"]

1. Nf3 d5 2. d4 Nf6 3. c4 e6 4. Nc3 Bb4 5. Qa4+ Nc6 6. e3 O-O 7. Qc2 dxc4 8.
Bxc4 Bd6 9. h3 a6 10. a3 e5 11. O-O h6 12. Rd1 Qe8 13. Bd3 Kh8 14. Bd2 Be6 15.
Ne4 Nxe4 16. Bxe4 exd4 17. exd4 Bb3 18. Qxb3 Qxe4 19. Bc3 Ne7 20. d5 Qf5 21. Rd4
b6 22. Rad1 Ng6 23. Rg4 Rae8 24. Nh4 Qh5 25. Nxg6+ fxg6 26. Qc2 g5 27. Bb4 Bxb4
28. axb4 Qf7 29. Rgd4 Re5 30. d6 cxd6 31. Rxd6 Re6 32. Rd8 Ree8 33. Rxe8 Qxe8
34. f3 Qe3+ 35. Kh1 Qe6 36. Qc7 b5 37. Rd7 Qf6 38. Qc3 Kh7 1/2-1/2

[Event "22nd European Teams"]
[Site "Batumi GEO"]
[Date "2019.11.01"]
[Round "8.13"]
[Board "2"]
[White "Christiansen, Johan-Sebastian"]
[Black "Berkes, Ferenc"]
[Result "0-1"]
[WhiteTitle "GM"]
[BlackTitle "GM"]
[WhiteElo "2558"]
[BlackElo "2667"]
[WhiteTeam "Norway"]
[BlackTeam "Hungary"]
[WhiteFideId "1512668"]
[BlackFideId "718572"]
[EventDate "2019.10.24"]

1. e4 c6 2. d4 d5 3. Nd2 dxe4 4. Nxe4 Bf5 5. Ng3 Bg6 6. h4 h6 7. Nf3 Nd7 8. h5
Bh7 9. Bd3 Bxd3 10. Qxd3 e6 11. Bd2 Ngf6 12. O-O-O Be7 13. Kb1 Qb6 14. Rhe1 O-O
15. Nf5 exf5 16. Rxe7 Qd8 17. Ree1 Ne4 18. Be3 Re8 19. g3 b5 20. Ka1 Ndf6 21.
Ne5 Qd5 22. Qf1 Rad8 23. Qg1 Ng4 24. Nd3 Nef6 25. Nf4 Qf3 26. Rd3 Nd5 27. Nxd5
Qxd5 28. Bc1 Re4 29. f3 Rxe1 30. Qxe1 Nf6 31. Qh1 Qc4 32. Qd1 Nxh5 33. g4 fxg4
34. fxg4 Nf6 35. g5 hxg5 36. Bxg5 Rd6 37. Rh3 Nh7 38. Be3 Rf6 39. Rh1 Qd5 40. a3
Qf3 41. Qg1 Qe2 42. d5 cxd5 43. Bxa7 Qxc2 44. Bd4 Rg6 45. Qe3 Qe4 46. Qh3 Rg3
47. Qh2 f6 48. Rc1 Qf4 49. Rh1 Ng5 50. Qh8+ Kf7 51. Qd8 Qe4 52. Rc1 Kg6 53. Bc3
Rh3 54. Ka2 Qc4+ 55. Ka1 Qe4 56. Ka2 Qe6 57. Ka1 Nf3 58. Rd1 Rh5 59. Qb8 Qe2 60.
Rc1 d4 61. Bb4 d3 62. Qg3+ Rg5 63. Qd6 d2 64. Rh1 Qe4 65. Qd7 Rd5 66. Qe8+ Qxe8 0-1

[Event "22nd European Teams"]
[Site "Batumi GEO"]
[Date "2019.11.01"]
[Round "8.13"]
[Board "3"]
[White "Banusz, Tamas"]
[Black "Salomon, Johan"]
[Result "1-0"]
[WhiteTitle "GM"]
[BlackTitle "GM"]
[WhiteElo "2619"]
[BlackElo "2507"]
[WhiteTeam "Hungary"]
[BlackTeam "Norway"]
[WhiteFideId "722413"]
[BlackFideId "1509500"]
[EventDate "2019.10.24"]

1. Nf3 c5 2. c4 Nc6 3. d4 cxd4 4. Nxd4 Nf6 5. g3 e5 6. Nb5 Bb4+ 7. Bd2 a6 8.
N5c3 d6 9. Bg2 Be6 10. Nd5 Bxd2+ 11. Qxd2 Bxd5 12. cxd5 Ne7 13. O-O O-O 14. Rc1
Qd7 15. Na3 b5 16. Nc2 Rfc8 17. e4 h5 18. h4 Qa7 19. Ne3 Qb7 20. Qa5 Rxc1+ 21.
Rxc1 Rc8 22. Rxc8+ Qxc8 23. Kh2 Kh7 24. Qb6 Qc1 25. Qxd6 Qxb2 26. Qxe7 Qxf2 27.
Qa3 Nxe4 28. Nd1 Qd2 29. Qe3 Qxe3 30. Nxe3 Nd6 31. Nf5 Nxf5 32. Be4 Kg6 33. d6
Kf6 34. Bxf5 a5 35. Kg2 b4 36. Bc2 Ke6 37. Bb3+ Kxd6 38. Bxf7 Kc5 39. Bxh5 Kd4
40. Kf2 Kd3 41. Ke1 a4 42. Bd1 a3 43. g4 Ke3 44. g5 Kf4 45. g6 1-0